| 000 | 00515nam a2200181Ia 4500 | ||
|---|---|---|---|
| 008 | 231217s9999 xx 000 0 und d | ||
| 020 | _a0-07-060095-3 | ||
| 041 | _aEnglish | ||
| 082 | _a001.64404ECOM BHA R | ||
| 100 | _aBharat Bhasker | ||
| 245 | 0 | _aElectronic commerce : framework, technologies and application | |
| 250 | _a2nd ed. | ||
| 260 |
_c2006 _bTMH _aNew Delhi |
||
| 300 | _axv+533 | ||
| 500 | _aContent page available | ||
| 650 | _aElectronic,commerce,:,framework,,technologies | ||
| 942 | _cAA | ||
| 999 |
_c176972 _d176972 |
||